00578nam a2200193 a 4500001001300000003000900013005001700022008004100039020001000080082001500090100002500105245008100130260004100211300000900252500003500261505003900296650002400335700002500359nice12345678IN_TiNIC20260116011910.0050524s1967 newa grp 000 0 eng  ac10000a225.6bPAR aPartnership, Mission aGreatest Is Loveb an Edition of the Living New Testament from Living Bible. aNew DelhibPartnership Missionc1967 a282p aincludes index and biblioraphy2 acisrs social research series no.11 aBible N.T. Theology1 aPartnership, Mission